Irish County Quiz - Statistics

General Stats
  • This quiz has been taken 67 times
  • The average score is 25 of 32
Answer Stats
Answer % Correct
Dublin
95%
Galway
90%
Cork
88%
Donegal
88%
Kerry
88%
Kilkenny
88%
Antrim
85%
Mayo
85%
Derry / Londonderry
83%
Sligo
83%
Waterford
83%
Down
80%
Kildare
80%
Meath
80%
Tipperary
80%
Westmeath
80%
Wexford
80%
Clare
78%
Armagh
76%
Cavan
76%
Roscommon
76%
Wicklow
76%
Fermanagh
73%
Limerick
73%
Tyrone
73%
Laois
71%
Monaghan
71%
Leitrim
68%
Louth
68%
Offaly
68%
Carlow
66%
Longford
66%
No matching quizzes found
Score Distribution
Percent of People with Each Score
Percentile by Number Answered
Your Score History
You have not taken this quiz